<?xml version="1.0" encoding="UTF-8"?>
<collection xmlns="http://www.loc.gov/MARC21/slim">
 <record>
  <leader>01374pam a22002778a 4500</leader>
  <controlfield tag="001">00022088</controlfield>
  <controlfield tag="005">20171026081022.0</controlfield>
  <controlfield tag="008">110527s2007                  ||||||Viesd</controlfield>
  <datafield tag="041" ind1="0" ind2="#">
   <subfield code="a">Vie</subfield>
  </datafield>
  <datafield tag="082" ind1="1" ind2="4">
   <subfield code="a">577.071</subfield>
   <subfield code="b">S550H</subfield>
  </datafield>
  <datafield tag="100" ind1="0" ind2="#">
   <subfield code="a">Cao Gia Nức</subfield>
  </datafield>
  <datafield tag="245" ind1="0" ind2="0">
   <subfield code="a">Sự hình thành và phát triển các khái niệm sinh thái học trong chương trình sinh học ở trung học cơ sở</subfield>
   <subfield code="c">Cao Gia Nức</subfield>
  </datafield>
  <datafield tag="260" ind1="#" ind2="#">
   <subfield code="a">H.</subfield>
   <subfield code="b">Đại học sư phạm</subfield>
   <subfield code="c">2007</subfield>
  </datafield>
  <datafield tag="300" ind1="#" ind2="#">
   <subfield code="a">227 tr.</subfield>
   <subfield code="c">24 cm.</subfield>
  </datafield>
  <datafield tag="490" ind1="#" ind2="#">
   <subfield code="a">Sách trợ giúp giáo viên CĐSP</subfield>
  </datafield>
  <datafield tag="500" ind1="#" ind2="#">
   <subfield code="a">Sách nhà nước đặt hàng</subfield>
  </datafield>
  <datafield tag="650" ind1="#" ind2="4">
   <subfield code="a">Sinh thái học</subfield>
  </datafield>
  <datafield tag="653" ind1="#" ind2="#">
   <subfield code="a">Giáo dục</subfield>
  </datafield>
  <datafield tag="653" ind1="#" ind2="#">
   <subfield code="a">Khái niệm</subfield>
  </datafield>
  <datafield tag="653" ind1="#" ind2="#">
   <subfield code="a">Trung học cơ sở</subfield>
  </datafield>
  <datafield tag="852" ind1="#" ind2="#">
   <subfield code="b">Kho giáo trình</subfield>
   <subfield code="j">KGT.0009644, KGT.0009645, KGT.0009646, KGT.0009647, KGT.0009648, KGT.0009649, KGT.0009650, KGT.0009651, KGT.0009652, KGT.0009653, KGT.0009654, KGT.0009655, KGT.0032593, KGT.0032880</subfield>
  </datafield>
  <datafield tag="852" ind1="#" ind2="#">
   <subfield code="b">Kho mượn</subfield>
   <subfield code="j">KGT.0009644</subfield>
  </datafield>
  <datafield tag="852" ind1="#" ind2="#">
   <subfield code="b">Kho đọc</subfield>
   <subfield code="j">KD.0007792</subfield>
  </datafield>
  <datafield tag="852" ind1="#" ind2="#">
   <subfield code="j">KGT.0009644</subfield>
   <subfield code="j">KGT.0009645</subfield>
   <subfield code="j">KGT.0009647</subfield>
   <subfield code="j">KGT.0009650</subfield>
   <subfield code="j">KGT.0009652</subfield>
   <subfield code="j">KGT.0009653</subfield>
   <subfield code="j">KGT.0009655</subfield>
   <subfield code="j">KGT.0032880</subfield>
   <subfield code="j">KGT.0032593</subfield>
   <subfield code="j">KGT.0009648</subfield>
   <subfield code="j">KGT.0009649</subfield>
   <subfield code="j">KD.0007792</subfield>
   <subfield code="j">KGT.0009646</subfield>
   <subfield code="j">KGT.0009651</subfield>
   <subfield code="j">KGT.0009654</subfield>
  </datafield>
  <datafield tag="910" ind1="0" ind2="#">
   <subfield code="a">nhnam</subfield>
   <subfield code="d">27/05/2011</subfield>
  </datafield>
  <datafield tag="980" ind1="#" ind2="#">
   <subfield code="a">Trung tâm Học liệu Lê Vũ Hùng, Trường Đại học Đồng Tháp</subfield>
  </datafield>
 </record>
</collection>
